000 00591nam a2200193 i 4500
001 16902
003 ES-MaACL
005 20250717065507.0
007 t|
008 001121q19501959fr ||||1| spa d
080 _a329.285
100 1 _aGori, Pietro.
_959181
245 1 4 _aLas bases morales y sociológicas del anarquismo
_b: vuestro orden y nuestro orden. Lo que queremos /
_cPedro Gori.
260 _a[Toulouse :
_bC.N.T.,
_c195-]
300 _a48 p. ;
_c21 cm.
650 7 _aAnarquismo
_2embne
_99783
852 _aES-MaACL
_j2158-F-26
_bR.126932
999 _c16902
_d16902